000 01550nam a22003977a 4500
003 CHAP
005 20220329142417.0
008 001206d2000 mx r 00110 spa d
010 _a83086
011 _a84058
035 _a94577
040 _cCHAP
090 _aTesis
100 0 0 _aDíaz Rocha, Minerva Teresa.
_933619
245 1 0 _aEfecto de la cetosis subclinica postparto en la eficiencia reproductiva en vacas holstein friesian de la Comarca Lagunera
_c/por Minerva Teresa Díaz Rocha
260 _aBermejillo, Dgo. :
_bEl autor,
_c2000.
300 _a80 h. :
_bgráfs.
502 _aTesis (Ing. Agr. en Sistemas Pecuarios de Zonas Aridas) -- UACH. Unidad Regional Universitaria de Zonas Aridas
590 _aALEPH
_b10
_c20130110
_lUCH01
_h1440
590 _aBATCH-UPD
_b10
_c20130110
_lUCH01
_h0324
590 _aBATCH-UPD
_b10
_c20130110
_lUCH01
_h1606
590 _aBATCH-UPD
_b10
_c20130409
_lUCH01
_h2357
590 _aBATCH-UPD
_b10
_c20130410
_lUCH01
_h1644
590 _aBATCH-UPD
_b10
_c20130914
_lUCH01
_h1511
590 _aCONVERSION
_b10
_c20130109
_lUCH01
_h1346
650 1 4 _aGanado Holstein
_xComarca Lagunera.
_945134
650 1 4 _aGanado vacuno
_xEnfermedades.
_945460
650 1 4 _aGanado vacuno
_xFecundidad.
_945466
650 1 4 _aGanado vacuno
_xProducción.
_945506
650 1 4 _aGanado vacuno
_xReproducción.
_945510
901 _aBK
905 _aPatricia Mendoza P.
942 _cFOLL
949 _bBC
_cTES
_d33724000812590
_eTS2
_fc.2
_h37544
_i94577
_kDonaciØn
_si
949 _bBC
_cTES
_d945771
_eTS1
_h37543
_i94577
_kDonaciØn
_sb
999 _c83086
_d83086